Návrh netradičných foriem komunikácie pre DM drogerie markt diplomová práca

Uložené v:
Podrobná bibliografia
Hlavný autor: Svobodová, Lenka
Korporativný autor: Obchodná fakulta EU. Katedra marketingu
Ďalší autori: Lukačovičová, Zuzana
Médium: Kniha
Jazyk:Slovak
Vydavateľské údaje: Bratislava 2015
Tagy: Pridať tag
Žiadne tagy, Buďte prvý, kto otaguje tento záznam!

MARC

LEADER 00000nbm a2200000 4500
001 0201421
005 20241202114610.8
041 0 |a slo 
044 |a SK 
245 1 0 |a Návrh netradičných foriem komunikácie pre DM drogerie markt  |b diplomová práca  |c Lenka Svobodová ; školiteľ: Zuzana Lukačovičová 
264 1 |a Bratislava  |c 2015 
300 |a 81 s. 
100 1 |a Svobodová, Lenka 
700 1 |a Lukačovičová, Zuzana 
710 2 |a Obchodná fakulta EU. Katedra marketingu